200 Largest Cities in China - Statistics

General Stats
  • This quiz has been taken 1,930 times
  • The average score is 95 of 206
Answer Stats
Province City % Correct
Beijing Beijing
98%
Shanghai Shanghai
98%
Guangdong Guangzhou
96%
Chongqing Chongqing
93%
Tianjin Tianjin
93%
Shaanxi Xi'an
92%
Sichuan Chengdu
91%
Hubei Wuhan
90%
Heilongjiang Harbin
89%
Fujian Xiamen
88%
Zhejiang Hangzhou
87%
Jiangsu Nanjing
86%
Guangdong Shenzhen
86%
Shandong Qingdao
85%
Liaoning Shenyang
84%
Xinjiang Ürümqi
84%
Liaoning Dalian
83%
Fujian Fuzhou
83%
Hunan Changsha
82%
Anhui Hefei
81%
Yunnan Kunming
81%
Guangdong Shantou
78%
Zhejiang Wenzhou
78%
Guangxi Nanning
77%
Zhejiang Ningbo
76%
Anhui | Jiangsu Suzhou
76%
Shandong Jinan
75%
Henan Zhengzhou
75%
Jilin Changchun
71%
Guangdong Dongguan
70%
Jiangsu Wuxi
70%
Hainan Haikou
68%
Jilin Jilin City
68%
Gansu Lanzhou
68%
Hebei Shijiazhuang
67%
Shanxi Taiyuan
66%
Guangdong Foshan
65%
Guizhou Guiyang
65%
Jiangxi Nanchang
65%
Liaoning Anshan
64%
Shandong Zibo
64%
Inner Mongolia Hohhot
62%
Jiangsu Xuzhou
62%
Guangdong Huizhou
61%
Tibet Lhasa
61%
Jiangsu Nantong
61%
Jiangsu Changzhou
60%
Hebei Baoding
59%
Shandong Linyi
59%
Henan Luoyang
59%
Inner Mongolia Baotou
58%
Shandong Yantai
58%
Guangxi Guilin
56%
Jiangsu | Zhejiang Taizhou
56%
Hebei Tangshan
56%
Fujian Putian
55%
Anhui Wuhu
55%
Heilongjiang Daqing
54%
Guangxi Liuzhou
54%
Fujian Quanzhou
54%
Shandong Weifang
54%
Shandong Jining
53%
Heilongjiang Qiqihar
53%
Guangdong Zhuhai
53%
Shanxi Datong
52%
Guangdong Maoming
52%
Qinghai Xining
52%
Jiangsu Yangzhou
52%
Henan Kaifeng
51%
Henan Anyang
50%
Jiangsu Huai'an
50%
Shandong Tai'an
50%
Zhejiang Cixi
49%
Hebei Handan
49%
Anhui Huainan
48%
Hebei Qinhuangdao
47%
Shandong Weihai
47%
Zhejiang Yiwu
47%
Guangdong Jiangmen
46%
Liaoning Jinzhou
46%
Jiangsu Lianyungang
46%
Sichuan Nanchong
46%
Shandong Rizhao
46%
Jiangsu Yancheng
46%
Ningxia Yinchuan
46%
Guangdong Zhanjiang
46%
Anhui Bengbu
45%
Henan Nanyang
45%
Guangdong Zhangzhou
45%
Hunan Changde
44%
Jiangxi Ganzhou
44%
Guangdong Zhongshan
44%
Anhui Huaibei
43%
Sichuan Mianyang
43%
Shaanxi Baoji
42%
Jiangsu Changshu
42%
Liaoning Fushun
42%
Zhejiang Jinhua
42%
Hubei Xiangyang
42%
Henan Xinxiang
42%
Liaoning Benxi
41%
Shandong Dezhou
41%
Hunan Hengyang
41%
Jiangsu Jiangyin
41%
Anhui Ma'anshan
41%
Jiangsu Zhenjiang
41%
Guangdong Chaozhou
40%
Zhejiang Shaoxing
40%
Hunan Zhuzhou
40%
Inner Mongolia Chifeng
39%
Zhejiang Jiaxing
39%
Hubei Jingzhou
39%
Henan Pingdingshan
39%
Hebei Xingtai
39%
Hubei Yichang
39%
Guizhou Zunyi
39%
Hebei Cangzhou
38%
Shandong Heze
38%
Jiangsu Suqian
38%
Anhui Anqing
37%
Liaoning Dandong
37%
Anhui Fuyang
37%
Anhui Lu'an
37%
Guangxi Beihai
36%
Shandong Dongying
36%
Henan Jiaozuo
36%
Hebei Langfang
36%
Liaoning Yingkou
36%
Guangxi Yulin
36%
Hubei Ezhou
35%
Shandong Liaocheng
35%
Hunan Xiangtan
35%
Hunan Yueyang
35%
Liaoning Huludao
34%
Xinjiang Kashgar
34%
Shandong Binzhou
33%
Heilongjiang Jiamusi
33%
Liaoning Liaoyang
33%
Heilongjiang Mudanjiang
33%
Liaoning Panjin
33%
Henan Xinyang
33%
Sichuan Yibin
33%
Shandong Zaozhuang
33%
Anhui Bozhou
32%
Liaoning Fuxin
32%
Hubei Huangshi
32%
Shaanxi Xianyang
32%
Shanxi Linfen
31%
Henan Puyang
31%
Zhejiang Zhoushan
31%
Anhui Chuzhou
30%
Shandong Tengzhou
30%
Xinjiang Aksu
29%
Guangxi Guigang
29%
Fujian Nanping
29%
Jiangsu Zhangjiagang
29%
Yunnan Lijiang
28%
Zhejiang Lishui
28%
Jiangxi Jiujiang
27%
Shandong Laiwu
27%
Hunan Shaoyang
27%
Liaoning Tieling
27%
Guangdong Zhaoqing
27%
Henan Zhoukou
27%
Hebei Dingzhou
26%
Sichuan Panzhihua
26%
Jiangsu Rugao
26%
Guangdong Yangjiang
26%
Xinjiang Altay
25%
Henan Dengzhou
25%
Fujian Fuqing
25%
Guangxi Hezhou
25%
Guangdong Huazhou
25%
Xinjiang Karamay
25%
Sichuan Neijiang
25%
Jiangsu Pizhou
25%
Heilongjiang Suihua
25%
Henan Xuchang
25%
Sichuan Zigong
25%
Jiangsu Jingjiang
24%
Gansu Tianshui
24%
Gansu Wuwei
24%
Jiangsu Danyang
23%
Zhejiang Linhai
23%
Yunnan Qujing
23%
Jiangsu Xinyi
23%
Sichuan Bazhong
22%
Heilongjiang Hegang
22%
Zhejiang Wenling
22%
Shandong Zhangqiu
22%
Jiangsu Qidong
21%
Shandong Feicheng
20%
Jiangsu Haimen
20%
Jiangsu Taixing
20%
Shandong Zhucheng
20%
Shandong Zoucheng
20%
Liaoning Haicheng
19%
Shandong Shouguang
19%
Guangdong Wuchuan
19%
Jiangsu Yixing
19%
Henan Yuzhou
18%
Zhejiang Zhuji
18%
Henan Xiangcheng
16%
Hubei Zaoyang
13%
No matching quizzes found
Score Distribution
Percent of People with Each Score
Percentile by Number Answered
Your Score History
You have not taken this quiz